| 000 | 00000nam##2200000za#4500 |
| 001 | 9.625481 |
| 003 | CaOODSP |
| 005 | 20200706134928 |
| 007 | ta |
| 008 | 150406|2001||||xxc||||| f|0| 0 fre|d |
| 020 | |a0-660-96434-1 |
| 022 | |a1200-5231 |
| 040 | |aCaOODSP|bfre |
| 043 | |an-cn--- |
| 086 | 1 |aCS11-0019/158F |
| 245 | 02|aA la recherche des contraintes intergénérationnelles d'emprunt chez les hommes canadiens : |btests de régression par quantile et de régression des moindres carrés pour les contraintes impératives d'emprunt / |cpar Nathan D. Grawe. |
| 260 | |aOttawa - Ontario : |bStatistique Canada. |c2001. |
| 300 | |a24p. : |bgraphiques, références, tableaux ; |c28 cm. |
| 490 | 1 |aDocuments de recherche|x1200-5231|vN° 158 |
| 500 | |a«Dans le présent article, nous soutenons que toute tendance, quelle qu'elle soit, relative à la fonction d'espérance conditionnelle peut être justifiée par une explication bien construite axée sur les contraintes d'emprunt, ce qui soulève des questions quant à la validité de cette approche.»--Résumé. |
| 520 | 3 |aDans le présent article, nous soutenons que toute tendance, quelle qu'elle soit, relative à la fonction d'espérance conditionnelle peut être justifiée par une explication bien construite axée sur les contraintes d'emprunt, ce qui soulève des questions quant à la validité de cette approche.--Résumé |
| 563 | |aCouverture souple |
| 590 | |a01-06|b2001-02-09 |
| 710 | 2 |aStatistique Canada. |bDirection des études analytiques. |
| 720 | 1 |aGrawe, Nathan D. |
| 775 | 08|tIn search of intergenerational credit constraints among Canadian men : |w(CaOODSP)9.615391 |
| 776 | 0#|tÀ la recherche des contraintes intergénérationnelles d'emprunt chez les hommes canadiens : |w(CaOODSP)9.590767 |
| 830 | #0|aDocuments de recherche,|x1200-5231|vN° 158|w(CaOODSP)9.512877 |